Regioni italiane con più patrimoni UNESCO - Statistics

Statistiche generali
  • Questo quiz è stato fatto 994 volte
  • Il punteggio medio è 6 su 7
Statistiche sulle risposte
Partimoni Regione % Corretto
7 Sicilia
98%
10 Lombardia
97%
5 Lazio
96%
8 Toscana
94%
7 Veneto
93%
6 Campania
91%
5 Friuli - Venezia Giulia
69%
Nessun quiz corrispondente trovato
Distribuzione punteggi
Percentuale di utenti per punteggio
Percentile per numero di risposta
I tuoi punteggi nel tempo
Non hai fatto questo quiz